[Event "Colmenarejo Autumn op"]
[Site "Colmenarejo"]
[Date "2016.10.02"]
[Round "2"]
[White "Blanco Ruiz, Cesar"]
[Black "Alvarez Alba, Diego"]
[Result "1-0"]
[WhiteElo "1539"]
[BlackElo "1696"]
[PlyCount "85"]
[EventDate "2016.09.25"]
[EventType "swiss"]
[EventRounds "7"]
[EventCountry "ESP"]
[SourceTitle "EXT 2019"]
[Source "ChessBase"]
[SourceDate "2018.10.10"]
[SourceVersion "1"]
[SourceVersionDate "2018.10.10"]
[SourceQuality "1"]

1. d4 Nf6 2. Bg5 Ne4 3. Bf4 c5 4. c3 Qb6 5. Nd2 Nxd2 6. Bxd2 cxd4 7. Rc1 Nc6 8. cxd4 Qxd4 9. e3 Qb6 10. Nf3 e5 11. a3 d6 12. b4 Bg4 13. Bc4 e4 14. Qc2 exf3 15. Qe4+ Ne5 16. Bc3 f5 17. Qd5 Qc7 18. Bxe5 Qe7 19. Bb5+ Kd8 20. Bb2 Qe4 21. Qf7 Qe7 22. Qxe7+ Kxe7 23. gxf3 Bxf3 24. Rg1 a6 25. Ba4 b5 26. Bb3 Rd8 27. Bxg7 Bxg7 28. Rc7+ Kf6 29. Rgxg7 d5 30. Rxh7 Rhg8 31. h4 Rg1+ 32. Kd2 Rg2 33. Rc6+ Rd6 34. Rxd6+ Ke5 35. Rhh6 Rxf2+ 36. Kc3 f4 37. Rde6+ Kf5 38. Rhf6+ Kg4 39. Rxf4+ Kg3 40. Rg6+ Kh3 41. Bxd5 Bh5 42. Rxf2 Bxg6 43. Rf4 1-0

[Event "Madrid San Viator op-B 26th"]
[Site "Madrid"]
[Date "2016.05.08"]
[Round "5"]
[White "Blanco Ruiz, Cesar"]
[Black "Simon Escalona, Irene"]
[Result "0-1"]
[WhiteElo "1559"]
[BlackElo "1423"]
[PlyCount "100"]
[EventDate "2016.04.03"]
[EventType "swiss"]
[EventRounds "9"]
[EventCountry "ESP"]
[SourceTitle "EXT 2017"]
[Source "ChessBase"]
[SourceDate "2016.10.25"]
[SourceVersion "1"]
[SourceVersionDate "2016.10.25"]
[SourceQuality "1"]

1. d4 e6 2. e4 b6 3. Nf3 Bb7 4. Bd3 c5 5. c3 Be7 6. 0-0 d5 7. e5 Nc6 8. Re1 Rc8 9. Bf4 cxd4 10. cxd4 Nb4 11. Bb5+ Bc6 12. Bxc6+ Nxc6 13. a3 Na5 14. Nc3 Qd7 15. Rc1 Nc4 16. Qb3 a6 17. Nd2 b5 18. Red1 h5 19. Nxc4 Rxc4 20. Qa2 Qc7 21. Ne2 Nh6 22. Bxh6 Rxh6 23. b3 Rxc1 24. Rxc1 Qb7 25. b4 Rh8 26. Rc3 Kd7 27. Qc2 g6 28. Nf4 Rc8 29. Nd3 Rc4 30. Nc5+ Bxc5 31. dxc5 Qc7 32. Rxc4 bxc4 33. f4 Qc6 34. Kf2 Qb5 35. Ke3 Ke7 36. h3 Kd8 37. g4 hxg4 38. hxg4 Ke7 39. f5 gxf5 40. gxf5 f6 41. exf6+ Kxf6 42. fxe6 Kxe6 43. Qg6+ Kd7 44. Qd6+ Kc8 45. Kd4 Qb7 46. c6 Qg7+ 47. Kxd5 c3 48. Qe6+ Kd8 49. Qd6+ Kc8 50. Qc5 Qg5+ 0-1

[Event "Madrid San Viator op-B 25th"]
[Site "Madrid"]
[Date "2015.11.22"]
[Round "9"]
[White "Fogue Angelina, Hugo"]
[Black "Blanco Ruiz, Cesar"]
[Result "1/2-1/2"]
[WhiteElo "1273"]
[BlackElo "1630"]
[PlyCount "71"]
[EventDate "2015.10.04"]
[EventType "swiss"]
[EventRounds "9"]
[EventCountry "ESP"]
[SourceTitle "EXT 2019"]
[Source "ChessBase"]
[SourceDate "2018.10.10"]
[SourceVersion "1"]
[SourceVersionDate "2018.10.10"]
[SourceQuality "1"]

1. e4 e6 2. d4 d5 3. Nc3 Nf6 4. e5 Nfd7 5. f4 c5 6. Nf3 Nc6 7. Be3 cxd4 8. Nxd4 Bb4 9. Bb5 Qa5 10. Qd2 Bxc3 11. bxc3 Nxd4 12. Bxd7+ Bxd7 13. cxd4 Qxd2+ 14. Bxd2 Bb5 15. Kf2 Rc8 16. c3 Bd3 17. g4 Rc6 18. a4 Rb6 19. Ke3 Be4 20. Rhf1 g6 21. Rfc1 h5 22. g5 Rc6 23. c4 Kd7 24. h4 Rhc8 25. c5 b6 26. cxb6 axb6 27. Rxc6 Kxc6 28. Rc1+ Kb7 29. Rxc8 Kxc8 30. Bb4 Kb7 31. Kd2 Ka6 32. Kc3 Bf3 33. Kd2 Be4 34. Kc3 Bb1 35. Kb2 Bd3 36. Kc3 1/2-1/2

[Event "Colmenarejo Spring op 8th"]
[Site "Colmenarejo"]
[Date "2013.04.28"]
[Round "3.6"]
[White "Blanco Ruiz, Cesar"]
[Black "Alonso Ibanez, Jose"]
[Result "1-0"]
[WhiteElo "1747"]
[BlackElo "1589"]
[PlyCount "137"]
[EventDate "2013.04.14"]
[EventType "swiss"]
[EventRounds "7"]
[EventCountry "ESP"]
[SourceTitle "EXT 2024"]
[Source "ChessBase"]
[SourceDate "2023.10.10"]
[SourceVersion "1"]
[SourceVersionDate "2023.10.10"]
[SourceQuality "1"]

1. d4 d5 2. Bg5 Qd6 3. Nd2 Bf5 4. Ngf3 Nc6 5. e3 a6 6. a3 f6 7. Bh4 0-0-0 8. c4 dxc4 9. Nxc4 Qe6 10. Be2 Be4 11. Ncd2 Bd5 12. Qc2 g5 13. Bg3 Bxf3 14. Nxf3 Nh6 15. 0-0 Nf5 16. Rac1 Nxg3 17. hxg3 Rd6 18. b4 Qf7 19. a4 e6 20. b5 Nb4 21. Qb3 a5 22. Nd2 Kb8 23. Nc4 Rd7 24. Nxa5 h5 25. Bf3 Nd5 26. Nc4 Qe7 27. a5 Qb4 28. Qxb4 Nxb4 29. b6 c6 30. Rfd1 g4 31. Be2 f5 32. Ne5 Rdh7 33. a6 Bd6 34. a7+ Ka8 35. Rc4 Nd5 36. f3 Nxe3 37. Rcc1 Nxd1 38. Rxd1 Bxe5 39. dxe5 h4 40. gxh4 Rxh4 41. Kf2 Rg8 42. Rd6 g3+ 43. Ke3 Re8 44. f4 Rh2 45. Kf3 Rh1 46. Bc4 Rb1 47. Bxe6 Rxb6 48. Bxf5 Kxa7 49. Kxg3 Rg8+ 50. Rg6 Rb3+ 51. Kg4 Rf8 52. Be4 Rb4 53. Bf5 Rd4 54. Kg5 c5 55. g4 c4 56. Rd6 Rg8+ 57. Kf6 Rxd6+ 58. exd6 Kb8 59. Kf7 Rh8 60. Ke7 b5 61. Kd7 b4 62. Be6 c3 63. Bb3 Kb7 64. g5 Rf8 65. Ke7 Rxf4 66. Bd5+ Kb8 67. d7 c2 68. d8Q+ Ka7 69. Qc7+ 1-0